Harry Potter and the philosopher's stone

Harry Potter learns on his 11th birthday that he is the orphaned son of two wizards and possesses magical powers of his own.

Corporate Author: Warner Bros. Entertainment
Other Authors: Columbus, Chris
Language:English
Published: [S.l.]: Warner Home Video, 2009.
Subjects:
LEADER 01196cam a2200265 7i4500
001 0000098095
005 20121231090000.0
008 121231s2009 g v eng
020 0 0 |a 5051892007627  
090 0 0 |a PN 1997 .A1   |b H34 2009 
245 0 0 |a Harry Potter and the philosopher's stone   |c directed by Chris Columbus. 
260 0 0 |a [S.l.]:   |b Warner Home Video,   |c 2009. 
300 |a 1 videodisc (DVD) (147 min.):   |b sd., col.;   |c 4 3/4 in.. 
500 0 0 |a Title from container. 
500 0 0 |a "Year One"-- cover. 
508 |a Director, Chris Columbus ; screenplay, J.K. Rowling, Steve Kloves. 
511 0 0 |a Starring Daniel Radcliffe, John Hurt, Warwick Davis, Fiona Shaw, John Cleese. 
520 0 0 |a Harry Potter learns on his 11th birthday that he is the orphaned son of two wizards and possesses magical powers of his own. 
590 |a PSNZ 
600 0 0 |a Potter, Harry (Fictitious character) 
650 0 0 |a Wizards --   |x Drama --   |z England  
650 0 0 |a Hogwarts School of Witchcraft and Wizardry (Imaginary organization) --   |x Drama  
700 1 1 |a Columbus, Chris  
710 2 1 |a Warner Bros. Entertainment  
999 |a 1100087676  |b Digital Video Disc  |c Bahan Sumber Media  |e BILIK BAHAN SUMBER MEDIA